| 000 | 01566cam a22004094a 4500 | ||
|---|---|---|---|
| 001 | sjds52214653 | ||
| 003 | sjds | ||
| 005 | 20240305105021.0 | ||
| 008 | 030428s2003 nyua j 000 1 spa | ||
| 010 | _a2003047719 | ||
| 020 | _a1584301805 (hc.) | ||
| 020 |
_a9781584301806 (hc.) : _c$16.95 |
||
| 020 | _a1584301813 (pbk.) | ||
| 020 | _a9781584301813 (pbk.) | ||
| 040 |
_aDLC _cDLC _dTEF _dBAKER _dBTCTA _dYDXCP _dIG# _dJTB |
||
| 041 | 1 |
_aspa _heng |
|
| 042 |
_apcc _alcac |
||
| 050 | 1 | 0 |
_aPZ73 _b.M4975 2003 |
| 082 | 1 | 4 |
_a[E] _221 |
| 092 | _aE SPA/MILLER | ||
| 100 | 1 |
_aMiller, William, _d1959- |
|
| 240 | 1 | 0 |
_aRichard Wright and the library card. _lSpanish. |
| 245 | 1 | 0 |
_aRichard Wright y el carne de biblioteca / _cpor William Miller ; ilustrado por Gregory Christie ; traducido por Eida de la Vega. |
| 250 | _a1st ed. | ||
| 260 |
_aNew York : _bLee and Low Books, _c2003. |
||
| 300 |
_a1 v. (unpaged) : _bcol. ill. ; _c26 cm. |
||
| 520 | _aBased on a scene from Wright's autobiography, Black boy, in which the seventeen-year-old African-American borrows a white man's library card and devours every book as a ticket to freedom. | ||
| 521 | 1 | _a007-010. | |
| 600 | 1 | 0 |
_aWright, Richard, _d1908-1960 _vJuvenile fiction. |
| 600 | 1 | 7 |
_aWright, Richard, _d1908-1960 _vNovela juvenil. _2bidex. |
| 650 | 0 |
_aAfrican Americans _vJuvenile fiction. |
|
| 650 | 7 |
_aAfronorteamericanos _vNovela juvenil. _2bidex. |
|
| 650 | 7 |
_aBibliotecas _vNovela juvenil. _2bidex. |
|
| 700 | 1 |
_aChristie, R. Gregory, _d1971- _eill. |
|
| 700 | 1 | _aVega, Eida de la. | |
| 942 | _cBK | ||
| 999 |
_c29346 _d29344 |
||